Minority report (Registro nro. 167554)
[ vista simple ]
| 000 -ENCABEZADO | |
|---|---|
| Número de control [NR] | 01627nam a22002777a 4500 |
| 005 - FECHA Y HORA DE LA ÚLTIMA TRANSACCIÓN | |
| control field | 20170608110958.0 |
| 008 - DE LONGITUD FIJA DE DATOS DE ELEMENTOS - INFORMACIÓN GENERAL | |
| Elementos de longitud fija [NR] | 130808s2002 xxu g 000 0 eng |
| 040 ## - FUENTE DE CATALOGACION [NR] | |
| Agencia de catalogación original [NR] | CO-BoUCM |
| Quien Cataloga | |
| Quien Clasifica | Aldemar Mondragón |
| Idioma de catalogación [NR] | spa |
| 092 ## - SIGNATURA TOPOGRAFICA LOCAL | |
| Número de clasificación local | DVD 1277 |
| 041 ## - CODIGO DE IDIOMA [R] | |
| Código de idioma para texto/pista de sonido o título separado [R] | Inglés |
| 245 00 - MENCION DE TITULO [NR] | |
| Título [NR] | Minority report |
| Medio físico [NR] | [DVD] |
| Mención de responsabilidad, etc. [NR] | Steven Spielberg, director |
| 260 ## - PUBLICACION, DISTRIBUCION, ETC. (PIE DE IMPRENTA) [R] | |
| Lugar de publicación, distribución, etc. [R] | [Washington] |
| Nombre del editor, distribuidor, etc. [R] | 20th Century Fox |
| Fecha de publicación, distribución, etc. [R] | 2002 |
| 300 ## - DESCRIPCION FISICA [R] | |
| Extensión [R] | 1 disco (144 min.) |
| Otros detalles físicos [NR] | sonido, color |
| 500 ## - NOTA GENERAL [R] | |
| Nota general [NR] | SIPNOSIS: Washington DC, año 2054. La policía utiliza tecnología psíquica para arrestar y enjuiciar a los asesinos antes de que cometan un crimen. El futuro se puede predecir y los culpables son detenidos por la unidad de élite Precrime antes de que puedan delinquir. Las pruebas se basan en los "precogs", tres seres psíquicos cuyas visiones sobre los asesinatos nunca han fallado |
| 508 ## - NOTA DE CREDITOS DE CREACION/PRODUCCION [R] | |
| Nota de créditos de creación/producción [NR] | CREDITOS: Guión Scott Frank & Jon Cohen (Historia: Philip K. Dick) ; Música John Williams ; Fotografía Janusz Kaminski |
| 511 ## - NOTA DE PARTICIPANTE O INTERPRETE [R] | |
| Nota de participante o intérprete [NR] | REPARTO: Tom Cruise, Colin Farrell, Samantha Morton, Max Von Sydow, Tim Blake Nelson, Kathryn Morris, Peter Stormare, Steve Harris, Neal McDonough, Patrick Kilpatrick, Jessica Capshaw, Meredith Monroe |
| 650 #7 - ASIENTO SECUNDARIO DE MATERIA - TERMINO TEMATICO [R] | |
| Término temático o nombre geográfico como elemento de entrada [NR] | Delitos |
| Subdivisión de forma [R] | Dvd |
| 9 (RLIN) | 42300 |
| 650 #7 - ASIENTO SECUNDARIO DE MATERIA - TERMINO TEMATICO [R] | |
| Término temático o nombre geográfico como elemento de entrada [NR] | Películas cinematográficas |
| Subdivisión de forma [R] | Dvd |
| 9 (RLIN) | 7903 |
| 650 #7 - ASIENTO SECUNDARIO DE MATERIA - TERMINO TEMATICO [R] | |
| Término temático o nombre geográfico como elemento de entrada [NR] | Policia |
| Subdivisión de forma [R] | Dvd |
| 9 (RLIN) | 42301 |
| 690 ## - ASUNTO AGREGADO LOCAL DE ENTRADA - TÉRMINO TEMÁTICO (OCLC, RLIN) | |
| Acceso temático local | Entretenimiento |
| 700 1# - ASIENTO SECUNDARIO - NOMBRE PERSONAL [R] | |
| Nombre personal [NR] | Cruise, Tom |
| 9 (RLIN) | 42292 |
| 700 1# - ASIENTO SECUNDARIO - NOMBRE PERSONAL [R] | |
| Nombre personal [NR] | Spielberg, Steven |
| Término de relación [R] | director |
| 9 (RLIN) | 42291 |
| 856 ## - LOCALIZACION Y ACCESO ELECTRONICOS [R] | |
| Identificador Uniforme del Recurso (“URI”) [R] | <a href="http://www.minorityreport.com">http://www.minorityreport.com</a> |
| 856 04 - LOCALIZACION Y ACCESO ELECTRONICOS [R] | |
| Identificador Uniforme del Recurso (“URI”) [R] | <a href="http://www.youtube.com/watch?v=q2bmImPNKbM">http://www.youtube.com/watch?v=q2bmImPNKbM</a> |
| Nota dirigida al público [R] | Siga este vínculo para ver el trailer. |
| 942 ## - ELEMENTOS DE ENTRADA AGREGADOS (KOHA) | |
| Koha item type | Multimedia |
| Source of classification or shelving scheme | LOCAL |
| Tema principal | Entretenimiento |
| Edition | 1 |
| Suprimido | Perdido | Sistema de clasificación | Dañado | No prestable | Tipo de ítem específico | Ubicación habitual | Ubicación actual | Localización | Fecha de creación | Proveedor | Forma de adquisición | Costo | Signatura topográfica | Código de barras | Última vez visto | Ejemplar | Costo de reposición | Price effective from | Tipo de ítem | Total préstamos | Total Renewals | Fecha de último préstamo |
|---|---|---|---|---|---|---|---|---|---|---|---|---|---|---|---|---|---|---|---|---|---|---|
| LOCAL | DVD | Claustro | Claustro | Colección digital | 09/08/2013 | Donación | 26000.00 | DVD 1277 | 100135032 | 10/12/2024 | Ej.2 | 09/08/2013 | Multimedia | 3 | 3 | 08/08/2014 | ||||||
| LOCAL | Préstamo restringido | DVD | Procesos Técnicos (no para préstamo) | Procesos Técnicos (no para préstamo) | Procesos Técnicos | 08/08/2013 | 10 | Compra | 86700.00 | DVD 1277 | 100135741 | 09/12/2025 | Ej.1 | 86700.00 | 08/08/2013 | Multimedia |